<?xml version="1.0" encoding="UTF-8"?>
<record
    xmlns:xsi="http://www.w3.org/2001/XMLSchema-instance"
    xsi:schemaLocation="http://www.loc.gov/MARC21/slim http://www.loc.gov/standards/marcxml/schema/MARC21slim.xsd"
    xmlns="http://www.loc.gov/MARC21/slim">

  <leader>02388nam a2200349 i 4500</leader>
  <controlfield tag="003">AGN</controlfield>
  <controlfield tag="005">20260519120615.0</controlfield>
  <controlfield tag="007">ta</controlfield>
  <controlfield tag="008">260519e2025    dr ||||gro||||||| |bspa ||spa| </controlfield>
  <datafield tag="020" ind1=" " ind2=" ">
    <subfield code="a">9789945251562</subfield>
  </datafield>
  <datafield tag="040" ind1=" " ind2=" ">
    <subfield code="a">AGN</subfield>
    <subfield code="b">spa</subfield>
    <subfield code="c">DO-SdBNP</subfield>
    <subfield code="e">rda</subfield>
    <subfield code="d">BNPHU</subfield>
  </datafield>
  <datafield tag="041" ind1=" " ind2=" ">
    <subfield code="a">spa</subfield>
  </datafield>
  <datafield tag="082" ind1=" " ind2=" ">
    <subfield code="a">RD 861.5 </subfield>
    <subfield code="2">D294o 2025</subfield>
    <subfield code="b">22</subfield>
  </datafield>
  <datafield tag="245" ind1=" " ind2=" ">
    <subfield code="a">La d&#xE9;cima oral en el folklore l&#xED;rico dominicano /</subfield>
    <subfield code="c">coordinadora y compiladora Emelda Ramos. [y otros cuatro].</subfield>
  </datafield>
  <datafield tag="264" ind1=" " ind2=" ">
    <subfield code="a">Santo Domingo, Rep&#xFA;blica Dominicana : </subfield>
    <subfield code="b">Archivo General de la Naci&#xF3;n,</subfield>
    <subfield code="c">2025.</subfield>
  </datafield>
  <datafield tag="300" ind1=" " ind2=" ">
    <subfield code="a">172 p&#xE1;ginas ; </subfield>
    <subfield code="c">23 x 15 cm.</subfield>
  </datafield>
  <datafield tag="336" ind1=" " ind2=" ">
    <subfield code="a">texto</subfield>
    <subfield code="b">txt</subfield>
    <subfield code="2">rdacontent</subfield>
  </datafield>
  <datafield tag="337" ind1=" " ind2=" ">
    <subfield code="a">sin mediaci&#xF3;n </subfield>
    <subfield code="b">n </subfield>
    <subfield code="2">rdamedia</subfield>
  </datafield>
  <datafield tag="338" ind1=" " ind2=" ">
    <subfield code="a">volumen </subfield>
    <subfield code="b">nc</subfield>
    <subfield code="2">rdacarrier</subfield>
  </datafield>
  <datafield tag="490" ind1="0" ind2=" ">
    <subfield code="a">Archivo General de la Naci&#xF3;n ; </subfield>
    <subfield code="v">volumen 562</subfield>
  </datafield>
  <datafield tag="500" ind1=" " ind2=" ">
    <subfield code="a">Incluye una peque&#xF1;a biograf&#xED;a de la autora en la solapa. </subfield>
  </datafield>
  <datafield tag="505" ind1="0" ind2=" ">
    <subfield code="a">La d&#xE9;cima oral en el folklore l&#xED;rico dominicano, Emelda Ramos 11-- Bibliograf&#xED;a 17 -- D&#xE9;cimas encontradas y sus Decimadores 21.

</subfield>
  </datafield>
  <datafield tag="520" ind1=" " ind2=" ">
    <subfield code="a">La d&#xE9;cima oral es una forma de expresi&#xF3;n cultural y literaria que ha perdurado a lo largo de la historia del folklore dominicano. Esta forma de poes&#xED;a, que consiste en diez versos octos&#xED;labos con rima consonante, ha sido utilizada por los dominicanos para expresar sentimientos, reflexiones y experiencias de vida. La d&#xE9;cima oral es considerada una parte valiosa del patrimonio cultural intangible del pueblo dominicano, y su transmisi&#xF3;n de generaci&#xF3;n en generaci&#xF3;n es crucial para la preservaci&#xF3;n de su identidad cultural. Sin embargo, la d&#xE9;cima oral enfrenta la amenaza de extinci&#xF3;n, ya que muchos de los cantadores ancestrales han perdido su habilidad para recitarla. La obra de Emelda Ramos, "La d&#xE9;cima oral, en el folklor l&#xED;rico dominicano", es un esfuerzo intelectual y cultural para preservar y promover esta forma de poes&#xED;a en la actualidad.</subfield>
  </datafield>
  <datafield tag="590" ind1=" " ind2=" ">
    <subfield code="a">Inventariado, 2026/WG.</subfield>
  </datafield>
  <datafield tag="650" ind1=" " ind2=" ">
    <subfield code="9">69458</subfield>
    <subfield code="a">Literatura dominicana</subfield>
    <subfield code="x">D&#xE9;cimas</subfield>
  </datafield>
  <datafield tag="650" ind1=" " ind2=" ">
    <subfield code="a">Folklore dominicano</subfield>
    <subfield code="9">89657</subfield>
  </datafield>
  <datafield tag="700" ind1="1" ind2=" ">
    <subfield code="a">Ramos, Emelda,</subfield>
    <subfield code="d">1948-</subfield>
    <subfield code="9">3522</subfield>
    <subfield code="e">coordinadora </subfield>
    <subfield code="e">compiladora</subfield>
    <subfield code="e">cuidado de la edici&#xF3;n</subfield>
  </datafield>
  <datafield tag="700" ind1="1" ind2=" ">
    <subfield code="d">Fern&#xE1;ndez V&#xE1;squez, Yahaira </subfield>
    <subfield code="e">diagramaci&#xF3;n   </subfield>
    <subfield code="e">dise&#xF1;o de portada</subfield>
    <subfield code="e">ilustraci&#xF3;n</subfield>
    <subfield code="9">99113</subfield>
  </datafield>
  <datafield tag="700" ind1="1" ind2=" ">
    <subfield code="d">Capell&#xE1;n Ferreira,  William </subfield>
    <subfield code="e">correcci&#xF3;n de estilo</subfield>
    <subfield code="9">99322</subfield>
  </datafield>
  <datafield tag="710" ind1=" " ind2=" ">
    <subfield code="a">&#xC1;rea de Publicaciones </subfield>
    <subfield code="e">cuidado de la edici&#xF3;n</subfield>
    <subfield code="9">89658</subfield>
  </datafield>
  <datafield tag="942" ind1=" " ind2=" ">
    <subfield code="2">ddc</subfield>
    <subfield code="c">LBS1</subfield>
  </datafield>
  <datafield tag="952" ind1=" " ind2=" ">
    <subfield code="0">0</subfield>
    <subfield code="1">0</subfield>
    <subfield code="2">ddc</subfield>
    <subfield code="5">1</subfield>
    <subfield code="7">0</subfield>
    <subfield code="8">PD</subfield>
    <subfield code="a">BNPHU</subfield>
    <subfield code="b">BNPHU</subfield>
    <subfield code="c">CT</subfield>
    <subfield code="d">2026-05-19</subfield>
    <subfield code="l">0</subfield>
    <subfield code="o">RD 861.5 D294o 2025</subfield>
    <subfield code="p">2026-4314</subfield>
    <subfield code="r">2026-05-19</subfield>
    <subfield code="w">2026-05-19</subfield>
    <subfield code="y">LBS1</subfield>
  </datafield>
  <datafield tag="952" ind1=" " ind2=" ">
    <subfield code="0">0</subfield>
    <subfield code="1">0</subfield>
    <subfield code="2">ddc</subfield>
    <subfield code="5">1</subfield>
    <subfield code="7">0</subfield>
    <subfield code="8">PD</subfield>
    <subfield code="a">BNPHU</subfield>
    <subfield code="b">BNPHU</subfield>
    <subfield code="c">CT</subfield>
    <subfield code="d">2026-05-19</subfield>
    <subfield code="l">0</subfield>
    <subfield code="o">RD 861.5 D294o 2025</subfield>
    <subfield code="p">2026-4315</subfield>
    <subfield code="r">2026-05-19</subfield>
    <subfield code="t">e.2</subfield>
    <subfield code="w">2026-05-19</subfield>
    <subfield code="y">LBS1</subfield>
  </datafield>
  <datafield tag="952" ind1=" " ind2=" ">
    <subfield code="0">0</subfield>
    <subfield code="1">0</subfield>
    <subfield code="2">ddc</subfield>
    <subfield code="5">1</subfield>
    <subfield code="7">0</subfield>
    <subfield code="8">PD</subfield>
    <subfield code="a">BNPHU</subfield>
    <subfield code="b">BNPHU</subfield>
    <subfield code="c">CT</subfield>
    <subfield code="d">2026-05-19</subfield>
    <subfield code="l">0</subfield>
    <subfield code="o">RD 861.5 D294o 2025</subfield>
    <subfield code="p">2026-4316</subfield>
    <subfield code="r">2026-05-19</subfield>
    <subfield code="t">e.3</subfield>
    <subfield code="w">2026-05-19</subfield>
    <subfield code="y">LBS1</subfield>
  </datafield>
  <datafield tag="999" ind1=" " ind2=" ">
    <subfield code="c">60780</subfield>
    <subfield code="d">60780</subfield>
  </datafield>
</record>
